000 005230000a22001810004500
003 MACL
005 20160526131409.0
008 160526b xxu||||| |||| 00| 0 eng d
040 _aMACL
_cMACL
041 _aHindi
082 _a891.433 ALI
100 _aअली, आकिर
_959736
245 _aगिनीपिग
_cजाकिर अली
260 _bविभोर प्रकाशन
_c2003
_aइलाहाबाद
350 _a200
650 _aNovel
_959737
942 _cHIN
_k891.433/ALI/N
_2ddc
999 _c10071
_d10071